Magical Creatures Pt 3 (Pt 1) - Statistics

General Stats
  • This quiz has been taken 3 times
  • The average score is 18 of 43
Answer Stats
Answer % Correct
Fairy
100%
Pixie
100%
Brownie
67%
Elf
67%
Genie
67%
Gnome
67%
Leprechaun
67%
Lutin
67%
Nymph
67%
Bluecap
33%
Ceasg
33%
Changeling
33%
Cherub
33%
Clúrachán
33%
Curupira
33%
Dwarf
33%
Ellyllon
33%
Feu Follet
33%
Gwraig Annwn
33%
Hobgoblin
33%
Inchling
33%
Kikimora
33%
Korrigan
33%
Lamina
33%
Lauma
33%
Menehune
33%
Mermaid
33%
Nisse
33%
Pandos
33%
Parī
33%
Patupaiarehe
33%
Púca
33%
Selkie
33%
Shapeshifter
33%
Shū Yāojing (Book Goblin)
33%
Spriggan
33%
Sprite
33%
Sylph
33%
Troll
33%
Tylwyth Teg
33%
Víla
33%
Will-o-the-Wisp
33%
Xana
33%
No matching quizzes found
Score Distribution
Percent of People with Each Score
Percentile by Number Answered
Your Score History
You have not taken this quiz